Разработка метода экспериментального определения напряженного состояния в слоях при разрыве многослойных оболочек: Отчет о НИР; Тема: № 157/68

Bibliografiset tiedot
Yhteisötekijä: Томский политехнический институт (ТПИ) (595)
Muut tekijät: Дель Г. Д. (руководитель), Турчанов В. Т. (исполнитель)
Kieli:venäjä
Julkaistu: Томск, 1970
Aiheet:
Aineistotyyppi: Kirja
KOHA link:https://koha.lib.tpu.ru/cgi-bin/koha/opac-detail.pl?biblionumber=179633

MARC

LEADER 00000nbm0a2200000 4500
001 179633
005 20231031170449.0
029 0 0 |a SU  |b 69046875  |f ТПУ 
035 |a (RuTPU)RU\TPU\book\194729 
090 |a 179633 
100 |a 20100424d1970 k y0rusy50 ca 
101 0 |a rus 
102 |a RU 
105 |a a p 001zy 
200 1 |a Разработка метода экспериментального определения напряженного состояния в слоях при разрыве многослойных оболочек  |e Отчет о НИР  |e Тема: № 157/68  |f Томский политехнический институт (ТПИ) ; руководитель Г. Д. Дель ; В. Т. Турчанов 
210 |a Томск  |d 1970 
215 |a 104 л. 
320 |a Библиогр.: с. 99-104. 
610 1 |a отчеты о НИР 
610 1 |a напряженное состояние 
610 1 |a определение 
610 1 |a многослойные оболочки 
610 1 |a разрыв 
610 1 |a пластическая деформация 
610 1 |a многослойные сосуды 
610 1 |a высокое давление 
675 |a 620.161  |v 3 
702 1 |a Дель  |b Г. Д.  |4 673 
702 1 |a Турчанов  |b В. Т.  |4 677 
712 0 2 |a Томский политехнический институт (ТПИ)  |c (1944-1991)  |2 stltpush  |3 (RuTPU)RU\TPU\col\1123  |4 595 
801 1 |a RU  |b 63413507  |c 20100424 
942 |c BK